Les Aventures de Tintin - Le Temple du Soleil - Statistiques

Statistiques générales
  • Ce quiz a été pris 648 fois
  • Le résultat moyen est 15 sur 18
Statistiques - réponses
Question Réponse % Correct
Quel est le nom du bateau à bord duquel le professeur Tournesol est retenu prisonnier ? Pachacamac
98%
Par quel animal Milou se fait-il attraper ? Un condor
98%
Nos héros ont le privilège de pouvoir choisir la date de leur exécution. Tintin choisit le jour de la prochaine éclipse. Comment connait-il cette date ? Il l'a lue dans le journal
97%
Que répondent les passants, lorsque le capitaine et Tintin leurs demandent s'ils ont vu le professeur ? "No sé"
97%
Quel animal réveille le capitaine ? Un tamanoir
96%
Quels fruits Zorrino porte-t-il sur son plateau, lorsque Tintin le rencontre ? Des oranges
93%
Où se trouve l'entrée secrète par laquelle nos héros pénètrent dans le Temple du Soleil ? Derrière une cascade
92%
Le professeur Tournesol rejoint Tintin et le capitaine sur l'autel de sacrifice. Où croit-il être ? sur le tournage d'un film
91%
Complétez cette célèbre phrase récurrente : "Quand lama fâché, señor,... lui toujours faire ainsi."
89%
Lequel de ces lieux n'a PAS ÉTÉ VISITÉ par les Dupondt, dans leur recherche de nos héros ? Le Colisée
83%
Quel animal attaque Zorrino, dans la forêt vierge ? Un anaconda
82%
Que remet un indien à Tintin pour avoir pris la défense de Zorrino ? Une médaille
82%
Dans quelle ville péruvienne Tintin et le capitaine Haddock commencent-ils leurs recherches pour retrouver le professeur Tournesol ? Callao
79%
Le capitaine décide de mater un lama en le toisant du regard. Comment réagit l'animal ? Il lui mord la barbe
76%
Qu'offre le chef Inca à nos héros, à leur départ du Temple ? Des sacs d'or et de pierres précieuses
68%
On a saboté le wagon dans lequel voyagent Tintin et le capitaine ! De quelle couleur est ce wagon de train ? Vert
63%
Comment s'appelle le type de tour funéraire inca dans laquelle nos héros trouvent refuge ? Une chulpa
60%
Ce navire est mis en quarantaine et doit rester à distance du port car il y aurait à bord deux cas de... Peste bubonique
45%
Aucun quiz correspondant
Distribution des résultats
% des personnes avec chaque résultat
Percentile par nombre de réponses
Votre historique - résultats
Vous n’avez pas pris ce quiz